Φορτώνει......

Sreeramante kathakal

Λεπτομέρειες βιβλιογραφικής εγγραφής
Κύριος συγγραφέας: Sreeraman,C.V
Μορφή: Printed Book
Γλώσσα:Undetermined
Έκδοση: Thrissur : Current books , 2012
Θέματα:
LEADER 00473nam a2200145Ia 4500
008 200324s9999 xx 000 0 und d
082 |a 8M3.01  |b SRE.S 
100 |a Sreeraman,C.V 
245 0 |a Sreeramante kathakal 
260 |a Thrissur :  |b Current books ,  |c 2012 
300 |a 595p. 
650 |a malayalam story 
942 |c BK 
999 |c 289881  |d 289881 
952 |0 0  |1 0  |4 0  |6 8M3_01_000000000000000_SRE_S  |7 0  |9 308414  |a SDE  |b SDE  |d 2019-07-23  |l 0  |o 8M3.01 SRE.S  |p SDE26415  |r 2020-03-27  |w 2020-03-27  |y BK